| 000 | 00727nam a2200205 a 4500 | ||
|---|---|---|---|
| 003 | 0 | ||
| 005 | 20250214081512.0 | ||
| 008 | 120718s19uu xx 00 eng d | ||
| 050 |
_aPGS LB 1028.3 _b.B789 2012 |
||
| 100 | _aBoyd, Jacob A. | ||
| 245 |
_aCommunication technology and academic performance / _cJacob A. Boyd. |
||
| 260 |
_aLas PiƱas City, Philippines : _bSouthville International School and Colleges, _c2012. |
||
| 300 |
_a26 pages : _billustrations ; _c28 cm. |
||
| 504 | _aIncludes bibliographical references. | ||
| 650 | _aSocial media and education. | ||
| 650 | _aInternet in education. | ||
| 650 | _aDigital learning. | ||
| 650 |
_aStudents _vEffect of technological innovations on. |
||
| 942 |
_2lcc _cPASS |
||
| 999 |
_c98713 _d98713 |
||